| 000 | 00453cam a22001577a 4500 | ||
|---|---|---|---|
| 008 | 180718b2006 xxu||||| |||| 00| 0 eng d | ||
| 020 | _a8187879718 | ||
| 082 | _aB142x54 G151 | ||
| 100 | _aGandhi, Anjali | ||
| 245 |
_aWomen's work, health and empowerment _cby Anjali Gandhi |
||
| 260 |
_aDelhi _bAakar Books _c2006 |
||
| 300 | _a287p. | ||
| 650 | _aLaws,etc. - India. | ||
| 650 | _aWomen - Legal status | ||
| 650 | _aWomen - Health and Hygiene - India | ||
| 999 |
_c405981 _d405981 |
||